000 00440cam a2200181ua 4500
001 5146
005 20260515113835.0
008 120730n enk |||gr||||Z||||||eng
040 _cMAIN
082 _a823
100 _aDickens, Charles,
_d1812-1870,
_eAuthor,
245 1 1 _aPickwick paper
_cby Charles Dickens
250 _a1st.
260 _aLondon:
_bCollins ,
_c1965.
300 _a797p:
_c15cm.
653 _aEnglish fiction
942 _cBK
999 _c4324
_d4324